00595nam a2200193 a 450000100060000000300090000600800410001502000150005604000280007108200160009910000240011524500570013926000350019630000110023159000860024265000440032894200120037299900170038415959CO-ViMGA141112s2004 ck r 000 u spa d a9586121372 aCO-ViMGAbspacCO-ViMGA04a301.2 C656l1 aColcultura, 91545810aLegislación cultural Colombiana : bRecopilaciones aBogotá, cColcultura, c1993 a181.p. aForma de adquisición : Donación Biblioteca Nacional 2003 - - Precio : 15.00014aCULTURA - LEGISLACION - COLOMBIA922912 2ddccBK c25954d25954